Curso de teoría microeconómica (Registro nro. 1429)

Detalles MARC
000 -LEADER
fixed length control field 01634 a2200241 4500
001 - CONTROL NUMBER
control field 26024
005 - DATE AND TIME OF LATEST TRANSACTION
control field 20260407155542.0
008 - FIXED-LENGTH DATA ELEMENTS--GENERAL INFORMATION
fixed length control field 260407a1995 arg spa d
003 - CONTROL NUMBER IDENTIFIER
control field AR-UNSa-BCEJYS
040 ## - CATALOGING SOURCE
Original cataloging agency AR-UNSa-BCEJYS
Language of cataloging spa
Transcribing agency AR-UNSa-BCEJYS
080 ## - UNIVERSAL DECIMAL CLASSIFICATION NUMBER
Universal Decimal Classification number 330.101.542
Common auxiliary subdivision Microeconomía
020 ## - INTERNATIONAL STANDARD BOOK NUMBER
International Standard Book Number 978-84-481-1767-2
100 1# - MAIN ENTRY--PERSONAL NAME
Personal name Kreps, David M.
245 10 - TITLE STATEMENT
Title Curso de teoría microeconómica
264 #1 - PRODUCTION, PUBLICATION, DISTRIBUTION, MANUFACTURE, AND COPYRIGHT NOTICE
Place of production, publication, distribution, manufacture Madrid :
Name of producer, publisher, distributor, manufacturer McGraw-Hill
Date of production, publication, distribution, manufacture, or copyright notice 1995
300 ## - PHYSICAL DESCRIPTION
Extent xiv, 752 p.
Dimensions 23 cm.
505 ## - FORMATTED CONTENTS NOTE
Formatted contents note 1. Visión panorámica - Parte I : Elección individual y social : 2. Teoría de la elección del consumidor y demanda - 3. Elección bajo incertidumbre - Parte II : El mecanismo de los precios : 6. Intercambio puro y equilibrio general - 7. La empresa neoclásica - 8. La empresa competitiva y la competencia perfecta - 9. Monopolio - 10. Competencia imperfecta - Parte III : Teoría de juegos no cooperativas : 11. Modelizando situaciones competitivas - 12. Conceptos de solución para juegos no cooperativos - 13. Información incompleta e irracional - 14. Juego repetido : cooperación y reputación - 15. Negociación bilateral - Parte IV : Temas de economía de la información : 16. Riesgo moral e incentivos - 17. Selección adversa y transmisión de señales en el mercado - 18. El principio de revelación y el diseño de mecanismos - Parte V : Empresas y transacciones : 19. Teorías de la empresa - 20. La economía de los costes de transacción y la empresa.
590 ## - LOCAL NOTE (RLIN)
Local note niveau_biblio:m niveau_hierar:0
700 1# - ADDED ENTRY--PERSONAL NAME
Personal name Berenguer, Eduard
700 1# - ADDED ENTRY--PERSONAL NAME
Personal name Gutiérrez, José Manuel
700 1# - ADDED ENTRY--PERSONAL NAME
Personal name Pita, Cristaina
942 ## - ADDED ENTRY ELEMENTS (KOHA)
Koha item type
Existencias
Withdrawn status Lost status Damaged status Not for loan Home library Current library Shelving location Date acquired Total checkouts Full call number Barcode Date last seen Price effective from Koha item type
        Biblioteca Prof. Eusebio Cleto del Rey Biblioteca Prof. Eusebio Cleto del Rey   07/04/2026   330.101.542 K92 L69970 07/04/2026 07/04/2026 Libro
        Biblioteca Prof. Eusebio Cleto del Rey Biblioteca Prof. Eusebio Cleto del Rey   07/04/2026   330.101.542 K92 L69971 07/04/2026 07/04/2026 Libro
        Biblioteca Prof. Eusebio Cleto del Rey Biblioteca Prof. Eusebio Cleto del Rey   07/04/2026   330.101.542 K92 L69972 07/04/2026 07/04/2026 Libro